Score 0/28 Timer 03:00
3 Plays Today
% Correct
I
97.8%
he
97.7%
she
95.9%
her
95.7%
her, hers
95.6%
my, mine
94%
you
93.6%
you
93.5%
they
92.8%
them
91.4%
me
91.1%
him
90.8%
his
90.7%
their, theirs
90.7%
% Correct
we
89.5%
your, yours
89.3%
our, ours
89.1%
us
83.2%
it
82%
it
81.8%
its
75%
myself
57%
herself
56.8%
himself
56.2%
yourself, yourselves
54.9%
ourselves
52.4%
themselves
52.1%
itself
49.4%

You're not logged in!

Compare scores with friends on all Sporcle quizzes.
OR
Log In

Sporcle TV

Today on Sporcle TV


Watch our educational content, quiz creation guides, and fun videos on Sporcle TV.

Show Comments

Extras

Top Quizzes Today


Score Distribution

Paid Content

Your Account Isn't Verified!

In order to create a playlist on Sporcle, you need to verify the email address you used during registration. Go to your Sporcle Settings to finish the process.

Report this User

Report this user for behavior that violates our Community Guidelines.

Details: